| 000 | 00346nam a22001577a 4500 | ||
|---|---|---|---|
| 003 | SGT | ||
| 020 | _a978-81-7855-741-0 | ||
| 082 |
_a612 _bM17J |
||
| 100 | _aJAIN, A.K. | ||
| 245 | _aMANUAL OF PRACTICAL PHYSIOLOGY FOR MBBS | ||
| 250 | _a5TH | ||
| 260 |
_aINDIA _bARYA _c2017 |
||
| 300 | _a307 | ||
| 650 | _aPHYSIOLOGY | ||
| 942 |
_2ddc _cBK _0246 |
||
| 999 |
_c14105 _d14105 |
||